000 00518cam a22001457a 4500
008 180718b2010 xxu||||| |||| 00| 0 eng d
082 _aI5135x5415 AR
100 _aSikkim. Administrative Reforms Commission
245 _aReport of the state Administrative Reforms Commission, Sikkim
260 _aGangtok
_bState Administrative Reforms Commission
_c2010
300 _a182p.
500 _aChairman: K. Sreedhar Rao
650 _aAdministrative reorganisation - India - Gangtok
700 _aSreedhar Rao, K. (Chairman)
999 _c491896
_d491896